Telematika nad dopravními sítěmi /

Hlavní autor: Svoboda, Vladimír, 1936-2006
Další autoři: Svítek, Miroslav, 1969-
Jazyk: Čeština
Vydáno: Praha : Vydavatelství ČVUT, 2004
Vydání: Vyd. 1.
Témata:
Externí odkaz: Digitalizovaný dokument
Fyzický popis: 263 s. : il. ; 21 cm
Knihy
Uloženo v:
LEADER 01380nam a2200361 a 4500
001 000750125
003 CZ BrMZK
005 20091002122843.0
007 ta
008 041115s2004 xr a er 000 0 cze d
015 |a cnb001488781 
020 |a 80-01-03087-3  |q (brož.) 
035 |a (OCoLC)85123537 
040 |a BOA001  |b cze 
072 7 |a 656  |x Doprava  |2 Konspekt  |9 4 
080 |a 656:004  |2 MRF 
080 |a (048.8)  |2 MRF 
100 1 |a Svoboda, Vladimír,  |d 1936-2006  |7 jn99240001153  |4 aut 
245 1 0 |a Telematika nad dopravními sítěmi /  |c Vladimír Svoboda, Miroslav Svítek 
250 |a Vyd. 1. 
260 |a Praha :  |b Vydavatelství ČVUT,  |c 2004 
300 |a 263 s. :  |b il. ;  |c 21 cm 
500 |a 1000 výt. 
504 |a Obsahuje bibliografie 
500 |a Dostupné též v digitální podobě v aplikaci Kramerius 
650 0 7 |a dopravní telematika  |7 ph136636  |2 czenas 
655 7 |a monografie  |7 fd132842  |2 czenas 
700 1 |a Svítek, Miroslav,  |d 1969-  |7 ntka174115  |4 aut 
856 4 1 |u http://www.digitalniknihovna.cz/mzk/uuid/uuid:c6a44ff0-722e-11e9-b266-005056827e51  |y Digitalizovaný dokument  |x NDK 
910 |a BOA001  |b 2-1143.159 
990 |a BK 
996 6 |b 2610233109  |c 2-1143.159  |l MZK  |r Sklad / do 1 hodiny  |n 1  |p p.v.  |w 000750125  |u 000010  |a 1  |e BOA001  |j MZK50  |s P 
996 7 |b 2610243073  |c 2-1143.159  |l MZK  |r Sklad / do 1 hodiny  |n 17  |p kup  |w 000750125  |u 000020  |a 1  |e BOA001  |j MZK50  |s A